Statistics for Top 50 Albums from 1982

Click here to take the quiz!

General Stats

  • This quiz has been taken 6 times
  • The average score is 7 of 50

Answer Stats

ArtistAlbum% Correct
#3: Michael JacksonThriller
83%
#5: Bruce SpringsteenNebraska
67%
#29: Roxy MusicAvalon
50%
#15: Peter GabrielPeter Gabriel
50%
#1: The CurePornography
50%
#8: Prince1999
33%
#11: Bad BrainsBad Brains
33%
#14: XTCEnglish Settlement
33%
#9: The FallHex Enduction Hour
33%
#27: Elvis Costello and the AttractionsImperial Bedroom
33%
#38: DescendentsMilo Goes to College
33%
#22: Simple MindsNew Gold Dream (81-82-83-84)
33%
#2: Iron MaidenThe Number of the Beast
33%
#19: MisfitsWalk Among Us
33%
#20: The Gun ClubMiami
17%
#45: Joe JacksonNight and Day
17%
#32: Pagan AltarPagan Altar
17%
#36: RushSignals
17%
#4: Kate BushThe Dreaming
17%
#49: Siouxsie and the BansheesA Kiss in the Dreamhouse
0%
#37: FlipperAlbum: Generic Flipper
0%
#18: Brian EnoAmbient 4: On Land
0%
#23: Laurie AndersonBig Science
0%
#33: ScorpionsBlackout
0%
#34: Univers ZéroCeux du Dehors
0%
#13: Basil PoledourisConan the Barbarian
0%
#48: John WilliamsE.T. the Extra-Terrestrial
0%
#12: Philip GlassGlassworks
0%
#17: DischargeHear Nothing See Nothing Say Nothing
0%
#43: Luis Alberto SpinettaKamikaze
0%
#41: Sozialistiches Patienten KollektivLeichenschrei
0%
#24: The English Concert / Simon Standage / Trevor PinnockLe Quattro Stagioni
0%
#31: Dire StraitsLove Over God
0%
#39: Daniel BarenboimNocturnes
0%
#10: Dead KennedysPlastic Surgery Disasters
0%
#35: FaustoPor Este Rio Acima
0%
#25: AcceptRestless and Wild
0%
#6: Judas PriestScreaming for Vengeance
0%
#21: Richard & Linda ThompsonShoot Out the Lights
0%
#47: Bob TheilSo Far
0%
#28: James HornerStar Trek II: The Wrath of Khan
0%
#46: Trevor Jones / London Symphony Orchestra / Marcus DodsThe Dark Crystal
0%
#50: The Faith / VoidThe Faith / Void
0%
#7: Glenn GouldThe Goldberg Variations
0%
#40: ABCThe Lexicon of Love
0%
#30: Ennio MorriconeThe Thing
0%
#26: Alice ColtraneTuriya Sings
0%
#44: XUnder the Big Black Sun
0%
#16: Mission of BurmaVs.
0%
#42: Hiroshi YoshimuraWave Notation 1: Music for Nine Post Cards
0%

Score Distribution

Percentile by Number Answered

Percent of People with Each Score

Your Score History

You have not taken this quiz